| 000 | 00635nam a2200241Ia 4500 | ||
|---|---|---|---|
| 003 | OSt | ||
| 005 | 20220916110943.0 | ||
| 006 | a|||||r|||| 00| 0 | ||
| 007 | ta | ||
| 008 | 220915b |||||||| |||| 00| 0 eng d | ||
| 024 | _a29376 | ||
| 037 | _cTextbook | ||
| 040 |
_beng _aARTS _cARTS |
||
| 041 | _aeng | ||
| 082 | _aO111,2J64,1:g, K5 | ||
| 100 | _aTillyard E M W | ||
| 245 | 0 | _aShakespeare's early comedies | |
| 260 |
_aLondon _bChatto and Windus UK |
||
| 300 |
_a216p. _ccm. |
||
| 650 | _aSHAKESPEARE, WILLIAM | ||
| 942 |
_hO111,2J64,1:g, K5 _cTB _2CC |
||
| 999 |
_c102173 _d102173 |
||